Statistics for US Cities That Start With W

Click here to take the quiz!

General Stats

  • This quiz has been taken 1,240 times
  • The average score is 64 of 327

Answer Stats

2010 PopulationUS city% Correct
14,192Washington Court House, OH
79%
601,723Washington, DC
79%
7,266Washington, IA
79%
15,134Washington, IL
79%
11,509Washington, IN
79%
13,982Washington, MO
79%
9,744Washington, NC
79%
6,461Washington, NJ
79%
13,663Washington, PA
79%
18,761Washington, UT
79%
382,368Wichita, KS
56%
124,805Waco, TX
53%
70,851Wilmington, DE
53%
5,724Wilmington, IL
53%
22,325Wilmington, MA
53%
106,476Wilmington, NC
53%
12,520Wilmington, OH
53%
5,123Williams, CA
51%
181,045Worcester, MA
49%
6,003Warren, AR
48%
5,135Warren, MA
48%
134,056Warren, MI
48%
41,557Warren, OH
48%
9,710Warren, PA
48%
5,379Winston, OR
48%
229,617Winston-Salem, NC
48%
6,289Wellington, CO
44%
56,508Wellington, FL
44%
8,172Wellington, KS
44%
89,701Westminster, CA
41%
106,114Westminster, CO
41%
7,277Westminster, MA
41%
18,590Westminster, MD
41%
49,167Wilson, NC
41%
7,896Wilson, PA
41%
65,333Weston, FL
40%
11,261Weston, MA
40%
14,868Weston, WI
40%
5,245Williamsburg, KY
40%
14,068Williamsburg, VA
40%
72,125Wyoming, MI
39%
7,791Wyoming, MN
39%
8,428Wyoming, OH
39%
99,919West Palm Beach, FL
38%
17,593Wayne, MI
37%
5,660Wayne, NE
37%
6,731Warwick, NY
36%
82,672Warwick, RI
36%
31,915Watertown, MA
36%
27,023Watertown, NY
36%
21,482Watertown, SD
36%
23,861Watertown, WI
36%
31,731Walla Walla, WA
35%
16,718Westchester, IL
33%
18,461West Chester, PA
33%
10,789Worth, IL
33%
104,553Wichita Falls, TX
32%
18,368Winchester, KY
32%
21,374Winchester, MA
32%
8,530Winchester, TN
32%
26,203Winchester, VA
32%
110,366Waterbury, CT
31%
8,456Waterford, CA
30%
5,368Waterford, WI
30%
15,722Waterville, ME
30%
5,523Waterville, OH
30%
106,098West Covina, CA
30%
26,119Wooster, OH
29%
103,712West Jordan, UT
28%
129,480West Valley City, UT
28%
13,559Warsaw, IN
27%
89,078Waukegan, IL
27%
32,729Westlake, OH
27%
5,965West Miami, FL
27%
26,801Windsor, CA
27%
18,644Windsor, CO
27%
6,138Walker, LA
26%
23,537Walker, MI
26%
70,718Waukesha, WI
26%
27,086West Chicago, IL
26%
30,068Westfield, IN
26%
41,094Westfield, MA
26%
30,316Westfield, NJ
26%
37,648Wheeling, IL
26%
28,486Wheeling, WV
26%
41,498Wilkes-Barre, PA
26%
55,468Woodland, CA
26%
5,509Woodland, WA
26%
12,764Worthington, MN
26%
13,575Worthington, OH
26%
68,406Waterloo, IA
25%
9,811Waterloo, IL
25%
5,171Waterloo, NY
25%
9,874Waverly, IA
25%
5,662Willis, TX
25%
85,331Whittier, CA
24%
15,532Westport, MA
23%
7,754Williamstown, MA
23%
24,932Wakefield, MA
22%
6,522Wharton, NJ
22%
8,832Wharton, TX
22%
52,894Wheaton, IL
22%
51,199Watsonville, CA
21%
84,094Westland, MI
21%
56,853White Plains, NY
21%
39,106Wausau, WI
20%
55,564West Haven, CT
20%
10,272West Haven, UT
20%
49,708West New York, NJ
20%
29,381Williamsport, PA
20%
61,961Woodbury, MN
20%
10,174Woodbury, NJ
20%
10,686Woodbury, NY
20%
29,172Walnut, CA
19%
66,588Warner Robins, GA
19%
56,609West Des Moines, IA
19%
25,830West Fargo, ND
19%
11,307West Point, MS
19%
9,511West Point, UT
19%
5,300Williamsville, NY
19%
41,186Woonsocket, RI
19%
10,666Wabash, IN
18%
5,766Waynesboro, GA
18%
5,043Waynesboro, MS
18%
10,568Waynesboro, PA
18%
21,006Waynesboro, VA
18%
16,767Webster, MA
18%
5,399Webster, NY
18%
10,400Webster, TX
18%
34,399West Hollywood, CA
18%
26,245West Memphis, AR
18%
48,744West Sacramento, CA
18%
5,853Westville, IN
18%
14,618Westwood, MA
18%
10,908Westwood, NJ
18%
27,592Winona, MN
18%
5,043Winona, MS
18%
6,624Winters, CA
18%
64,173Walnut Creek, CA
17%
7,880Warrenton, MO
17%
9,611Warrenton, VA
17%
9,869Waynesville, NC
17%
29,596West Lafayette, IN
17%
14,716Williston, ND
17%
60,632Waltham, MA
16%
5,511Williamston, NC
16%
19,509Wilsonville, OR
16%
33,874Winter Haven, FL
16%
25,545Wasco, CA
15%
18,838Warrensburg, MO
14%
7,831Wasilla, AK
14%
31,925Wenatchee, WA
14%
60,411West Allis, WI
14%
15,146Westbury, NY
14%
36,120Westerville, OH
14%
24,685Westmont, IL
14%
5,181Westmont, PA
14%
9,655Winslow, AZ
14%
27,852Winter Park, FL
14%
30,117Wake Forest, NC
13%
9,872Ware, MA
13%
5,899Washingtonville, NY
13%
46,396Wauwatosa, WI
13%
19,746Weirton, WV
13%
18,272Westborough, MA
13%
21,951Westford, MA
13%
53,743Weymouth, MA
13%
6,357Whitefish, MT
13%
6,166Willows, CA
13%
7,396Winnemucca, NV
13%
34,568Winter Garden, FL
13%
9,269Winterville, NC
13%
23,896Woodstock, GA
13%
24,770Woodstock, IL
13%
5,097Woodstock, VA
13%
6,978Walden, NY
12%
13,140Warrenville, IL
12%
29,621Waxahachie, TX
12%
12,994Wayland, MA
12%
17,494Westbrook, ME
12%
19,540West St. Paul, MN
12%
12,051Woodward, OK
12%
41,427Wylie, TX
12%
10,833Weatherford, OK
11%
25,250Weatherford, TX
11%
27,982Wellesley, MA
11%
5,663Wellston, OH
11%
31,078West Bend, WI
11%
14,988West Columbia, SC
11%
8,270Westlake Village, CA
11%
14,156West Park, FL
11%
5,526White Hall, AR
11%
18,062Whitehall, OH
11%
13,944Whitehall, PA
11%
5,394Whiteville, NC
11%
14,489Whitman, MA
11%
6,709Wildwood, FL
11%
35,517Wildwood, MO
11%
5,325Wildwood, NJ
11%
12,187Winnetka, IL
11%
7,279Woodlake, CA
11%
11,340Waupun, WI
10%
28,391West Springfield, MA
10%
14,390Whitewater, WI
10%
5,288Willard, MO
10%
6,236Willard, OH
10%
22,268Willoughby, OH
10%
9,080Winfield, IL
10%
12,301Winfield, KS
10%
18,367Wisconsin Rapids, WI
10%
38,120Woburn, MA
10%
21,567Wadsworth, OH
9%
5,800Walkersville, MD
9%
11,335Wallington, NJ
9%
13,790Waukee, IA
9%
14,649Waycross, GA
9%
29,070Wentzville, MO
9%
18,355West Melbourne, FL
9%
6,771West View, PA
9%
10,255White House, TN
9%
7,660Whitehouse, TX
9%
7,862White Oak, PA
9%
6,469White Oak, TX
9%
16,116White Settlement, TX
9%
32,176Wildomar, CA
9%
27,087Wilmette, IL
9%
7,200Woodland Park, CO
9%
11,819Woodland Park, NJ
9%
5,287Woodside, CA
9%
25,883Wyandotte, MI
9%
8,211Wytheville, VA
9%
8,323Wagoner, OK
8%
21,822Wareham, MA
8%
6,069Waupaca, WI
8%
7,332Wauseon, OH
8%
9,859Waxhaw, NC
8%
9,459Weddington, NC
8%
5,845Wendell, NC
8%
35,670Weslaco, TX
8%
13,143West Carrollton, OH
8%
11,986West Plains, MO
8%
19,610Willmar, MN
8%
9,485Willoughby Hills, OH
8%
8,540Willowbrook, IL
8%
14,099Winder, GA
8%
17,497Winthrop, MA
8%
10,657Wood River, IL
8%
8,367Wynne, AR
8%
7,766Wahpeton, ND
7%
6,715Waite Park, MN
7%
6,999Walled Lake, MI
7%
9,867Wapakoneta, OH
7%
13,603Wauconda, IL
7%
12,097Waunakee, WI
7%
10,996Webb City, MO
7%
8,070Webster City, IA
7%
22,995Webster Groves, MO
7%
25,109West Linn, OR
7%
11,811West Richland, WA
7%
6,528Wetumpka, AL
7%
30,166Wheat Ridge, CO
7%
23,797White Bear Lake, MN
7%
14,110Whitefish Bay, WI
7%
5,524Willow Springs, IL
7%
7,267Winooski, VT
7%
33,282Winter Springs, FL
7%
13,498Wixom, MI
7%
24,080Woodburn, OR
7%
13,770Wood Dale, IL
7%
12,875Woodhaven, MI
7%
10,938Woodinville, WA
7%
5,487Worland, WY
7%
5,813Wadesboro, NC
6%
24,070Walpole, MA
6%
13,542Warrensville Heights, OH
6%
9,410Waseca, MN
6%
23,497Watauga, TX
6%
10,254Watervliet, NY
6%
6,435Waveland, MS
6%
7,463Wesley Chapel, NC
6%
5,265West Bountiful, UT
6%
6,916West Bridgewater, MA
6%
12,975Western Springs, IL
6%
8,182West Frankfort, IL
6%
8,097West Long Branch, NJ
6%
20,313West Mifflin, PA
6%
13,065West Monroe, LA
6%
14,787West University Place, TX
6%
12,750Wickliffe, OH
6%
14,219Wilbraham, MA
6%
14,171Willowick, OH
6%
10,300Winchendon, MA
6%
5,190Winterset, IA
6%
6,742Winthrop Harbor, IL
6%
32,971Woodridge, IL
6%
7,626Wood-Ridge, NJ
6%
8,452Woodway, TX
6%
10,955Wrentham, MA
6%
10,461Wyomissing, PA
6%
10,697Waconia, MN
5%
5,492Wake Village, TX
5%
9,625Waldwick, NJ
5%
5,398Walterboro, SC
5%
5,522Wappingers Falls, NY
5%
10,043Warr Acres, OK
5%
9,067Washington Terrace, UT
5%
14,095Washougal, WA
5%
5,801Watchung, NJ
5%
5,255Watseka, IL
5%
5,001Wauchula, FL
5%
5,507Weiser, ID
5%
5,443Weldon Spring, MO
5%
7,669West Boylston, MA
5%
7,331West Dundee, IL
5%
10,165West Haverstraw, NY
5%
8,534Westwego, LA
5%
6,363Wickenburg, AZ
5%
15,930Wilkinsburg, PA
5%
11,632Wilton Manors, FL
5%
5,364Windcrest, TX
5%
9,761Woods Cross, UT
5%
11,116Wanaque, NJ
4%
5,111Watonga, OK
4%
5,628Wesley Hills, NY
4%
7,287Williston Park, NY
4%
5,730Woodcliff Lake, NJ
4%
6,123Woodfin, NC
4%

Score Distribution

Percentile by Number Answered

Percent of People with Each Score

Your Score History

You have not taken this quiz